000 00497nam a2200181Ia 4500
003 GCL
008 140319s9999 xx 000 0 eng d
040 _aGCL /
_cGCL
082 0 4 _a160
_bR P
100 1 _aRICHARD, MARK
245 1 0 _aPROPOSITIONAL ATTITUDES: AN ESSAY ON THOUGHTS AND HOW WE DESCRIBE THEM ? /
_cRICHARD, MARK
260 _a[S.N] :
_bCAMBRIBGE UNIVERSITY PRESS ،
_c1990
300 _a275 P
650 0 4 _aLOGIC
650 0 4 _aCOGNITION
650 0 4 _aSEMANTICS
942 _2ddc
_cBK
999 _c21313
_d21313